000 00708nam a22002297a 4500
999 _c10637
_d10637
003 AR-CdUCM
008 190401b ||||| |||| 00| 0 spa d
040 _aMUNICIPALIDAD PROVINCIAL DEL CUSCO
_cBIBLIOTECA MUNICIPAL DEL CUSCO
041 _heng
082 _aES / 800 /
_bD27
100 _aDefoe, Daniel
_912599
245 _aRobinsón Crusoe /
260 _aBuenos Aires :
_bAcme Agency S. A. C. I. ;
_c1956.
300 _a277 páginas ;
_bIlustraciones
_c20cm
440 _aColección Robin Hood
_927354
505 _aContenido: Novela
650 _aNovela
_9572
650 _aLiteratura juvenil
_91580
700 _aVacarezza, Julio (traducción)
_927603
942 _2ddc
_cLIBROS
945 _anom